Statistiken für Geschichte des Christentums

Klicken Sie hier um das Quiz zu spielen!

Allgemein

  • Dieses Quiz wurde 220 mal gespielt
  • Das Durchschnittsergebnis liegt bei 10 aus 32

Antwortstatistiken

JahrFrageAntwort% Korrekt
ca. 4-7 v.Chr.Fest, welches der Geburt von Jesus Christus gedenktWeihnachten
96%
ca. 30 n. Chr.Jesus wird durch diese Methode hingerichtetKreuzigung
91%
ca 10-64 n. Chr.Apostel, der zahlreiche Gemeinden im östlichen Mittelmeerraum gründet und in der Bibel enthaltene Briefe verfasstPaulus von Tarsus
66%
1517Dieser Reformator schlägt der Überlieferung nach 95 Thesen an die Schloßkirche von WittenbergMartin Luther
62%
70 n. Chr.Die Zerstörung dieses Bauwerks führt zu einer Zeitenwende für das Judentum und ChristentumTempel von Jerusalem
51%
1096-1099Vom Papst ausgerufener Krieg im Nahen Osten, welcher zur Gründung des Königreichs Jerusalem führtErster Kreuzzug
48%
ca 70-100 n. Chr.Diese Lebensbeschreibungen Jesu werden verfasstEvangelien
43%
312Kaiser, welcher die Christenverfolgung im römischen Reich beendete und das Christentum förderteKonstantin
41%
1618-1648Verheerender Religions- (und Macht-)krieg in MitteleuropaDreißigjähriger Krieg
38%
1789-1799In diesem europäischem Land werden Kirchengüter beschlagnahmt und der Staat säkularisiertFrankreich
37%
1962Papst, welcher ein Konzil zur umfassenden Modernisierung der Katholischen Kirche einberuft (u.a. Messen in Landessprache, Respekt vor anderen Religionen)Johannes XXIII
37%
1181/1182Dieser katholische Heilige, Gründer zweier Bettelorden, wird geborenFranz von Assisi
36%
64 - 311 n. Chr.Bezeichnung für die durch römische Verfolgung getöteten ChristenMärtyrer
32%
529Mönch, welcher das Kloster Montecassino und einen Mönchsorden mit der Regel "Ora et labora et lege" gründetBenedikt von Nursia
30%
1309Diese Stadt in Südfrankreich wird für einige Jahrzehnte Sitz des PapstesAvignon
28%
1564Dieser bedeutende Theologe der Reformierten Kirche stirbt in GenfJohannes Calvin
28%
1869-1870Dieses Konzil beschließt die Unfehlbarkeit des Papstes in geistigen FragenErstes Vatikanisches Konzil
27%
1415Dieser Tschechischer Reformator wird wegen Ketzerei hingerichtet, was einen 15 Jahre währenden Krieg nach sich ziehtJan Hus
24%
1054Der Papst exkommuniziert im Morgenländischen Schisma den Patriachen dieser Stadt, was die Trennung zwischen Katholischer und Orthodoxer Kirche vertieftKonstantinopel
23%
325Erstes ökumenisches Konzil, bei dem ein ökumenisches Glaubensbekenntnis verfasst und der Arianismus als Häresie gebranntmarkt wird1. Konzil von Nicäa
19%
1555Stadt. in der ein Religionsfrieden mit dem Motto "Cuius regio, eius religio" für das Heilige Römische Reich beschlossen wirdAugsburg
17%
1648Friedensvertrag, in der der 1555 ausgehandelte Religionsfrieden bekräftigt und auf die Reformierte Kirche ausgedehnt wirdWestfälischer Frieden
17%
301In diesem Staat wird das Christentum zum ersten Mal StaatsreligionArmenien
16%
387Dieser bedeutende Theologe, Verfasser des "Gottesstaats", wird von Ambrosius von Mailand getauftAugustinus von Hippo
15%
1540Gegenreformatischer Orden, welcher von Ignatius von Loyola gegründet wurdeJesuitenorden
14%
382-393Bezeichnung der lateinischen (Standard-)Bibel, welche von Hieronymus aus dem Griechischen und Hebräischem überzetzt wurdeVulgata
13%
754/755Dieser "Apostel der Deutschen" wird in Friesland getötetBonifatius
11%
862Diese "Slawenapostel" beginnen im Mährenreich ihre Mission, bei der sie auch ein Schriftsystem für die Slawischen Sprachen entwickelnKyrill und Method
11%
726Bezeichnung für die Feinde christlicher Ikonen im Byzantinischen Reich, welche in der Regierungszeit von Kaiser Leo III zahlreiche Bilder Jesu und der Heiligen zerstörtenIkonoklasten
8%
1726Die Brüder Wesley und George Whitefield begründen in England diese protestantische Kirche mit Fokus auf innere Gesinnung und LebensführungMethodistische Kirche
6%
451Ökumenisches Konzil, welches die Zwei-Naturen-Lehre Jesu zum Dogma macht und somit zu einer Trennung der Koptischen Kirche von der Orthodox-Katholischen Kirche führtKonzil von Chalcedon
5%
1941Evangelischer Theologe, welcher einen Aufsatz zur Entmythologisierung der Bibel veröffentlichtRudolf Bultmann
5%

Verteilung der Resultate

Perzentil nach korrekt beantworteten Fragen

Anzahl Personen mit jedem Resultat

Ihre Resultats-Entwicklung

Sie haben dieses Quiz noch nicht gespielt